Joueurs de foot belge - Statistiques

Statistiques générales
  • Ce quiz a été pris 156 fois
  • Le résultat moyen est 17 sur 30
Statistiques - réponses
Par images Réponse % Correct
Courtois
99%
De Bruyne
99%
Lukaku
99%
Hazard
98%
Hazard
98%
Kompany
87%
Witsel
83%
Fellaini
81%
Doku
77%
Vertonghen
74%
Meunier
71%
Tielemans
71%
Trossard
65%
Openda
63%
Alderweireld
52%
Batshuayi
51%
Dembélé
51%
Fofana
51%
Theate
51%
Faes
49%
Sels
45%
Castagne
44%
Origi
41%
Wilmots
39%
Van Buyten
37%
Scifo
27%
Ceulemans
13%
Gerets
13%
Van Himst
8%
Vermalelen
0%
Aucun quiz correspondant
Distribution des résultats
% des personnes avec chaque résultat
Percentile par nombre de réponses
Votre historique - résultats
Vous n’avez pas pris ce quiz